| 000 | 01041nam a2200253Ia 4500 | ||
|---|---|---|---|
| 003 | GCL | ||
| 008 | 140319s9999 xx 000 0 ara d | ||
| 040 |
_aGCL / _cGCL |
||
| 082 | 0 | 4 |
_aد _b050 _bم م |
| 245 | 1 | 0 | _aالمستقبل العربى ( ديسمبر 2005 ) |
| 250 | _aالاولى | ||
| 260 |
_aبيروت : _bمركز دراسات الوحدة العربية ، _c2005 |
||
| 650 | 0 | 4 | _aالاسلام والمسيحية |
| 650 | 0 | 4 | _aالوحدة العربية |
| 650 | 0 | 4 | _aالمسلمون فى الولايات المتحدة الامريكية |
| 650 | 0 | 4 | _aالعالم العربى - الاحوال الاقتصادية |
| 650 | 0 | 4 | _aالعالم العربى - العلاقات الخارجية |
| 650 | 0 | 4 | _aالعالم العربى - الاحوال الاجتماعية |
| 650 | 0 | 4 | _aالعالم العربى - العلاقات الخارجية - الصين |
| 650 | 0 | 4 | _aمعبر رفح |
| 650 | 0 | 4 | _aالمسلمون فى المانيا |
| 650 | 0 | 4 | _aالمسلمون فى السويد |
| 942 |
_2ddc _cCR |
||
| 999 |
_c7774 _d7774 |
||